| 000 | 00989nam a2200289 a 4500 | ||
|---|---|---|---|
| 001 | 65565 | ||
| 003 | BD-RjUL | ||
| 005 | 20211209081435.0 | ||
| 008 | 170308s1994 vtua b 000 0 eng d | ||
| 020 | _a0804819696 | ||
| 035 | _a(BD-RjUL)65695 | ||
| 040 |
_aUU _cUU _dDLC _dBD-RjUL _beng |
||
| 041 | 1 |
_aeng _hjpn |
|
| 082 | 0 | 0 |
_223 _a709.52 _bKAT 1994 |
| 100 | 1 |
_aKatō, Shūichi. _d1919-2008. _9193998 |
|
| 245 | 1 | 0 |
_aJapan : _bspirit and form / _cShuichi Kato ; with an introduction by Roger Goepper ; translated and adapted from the Japanese by Junko Abe and Leza Lowitz. |
| 250 | _a1st English-language ed. | ||
| 260 |
_aRutland, Vt. : _bC.E. Tuttle Co., _cc1994. |
||
| 300 |
_a259 p. : _bill. ; _c30 cm. |
||
| 504 | _aIncludes bibliographical references (p. 258). | ||
| 650 |
_aBuddhist art _zJapan. _9193999 |
||
| 650 |
_aBuddhist art. _9182395 |
||
| 651 | 0 |
_aArt, Japanese. _9194000 |
|
| 700 | 1 |
_aAbe, Junko, _d1953- _9194001 |
|
| 700 | 1 |
_aLowitz, Leza. _9194002 |
|
| 942 |
_2ddc _cBK |
||
| 999 |
_c65565 _d65565 |
||